[Event "Paris-ch Blitz"]
[Site "Paris"]
[Date "2015.??.??"]
[Round "?"]
[White "Cotonnec, Melkior"]
[Black "Pluyaud, Benoit"]
[Result "1-0"]
[WhiteElo "2350"]
[BlackElo "2041"]
[PlyCount "99"]
[EventDate "2015.02.28"]
[EventType "swiss (blitz)"]
[EventRounds "9"]
[EventCountry "FRA"]
[SourceTitle "EXT 2016"]
[Source "ChessBase"]
[SourceDate "2015.10.08"]
[SourceVersion "1"]
[SourceVersionDate "2015.10.08"]
[SourceQuality "1"]

1. e4 c5 2. d4 cxd4 3. c3 g6 4. cxd4 d5 5. e5 Nc6 6. Nf3 Bg4 7. Bb5 Qb6 8. Nc3 Rd8 9. Be3 Nh6 10. h3 Bxf3 11. Qxf3 e6 12. 0-0 Bg7 13. Bxc6+ Qxc6 14. Bg5 f6 15. exf6 0-0 16. Rfe1 Rf7 17. Qf4 Rxf6 18. Bxf6 Rf8 19. Qe5 Rxf6 20. Qb8+ Rf8 21. Qxa7 Nf5 22. Qc5 Qa6 23. Qb5 Qd6 24. Ne2 Nxd4 25. Nxd4 Bxd4 26. Re2 Qg3 27. Rf1 Qh4 28. Qd7 e5 29. Qxd5+ Kg7 30. Qxb7+ Rf7 31. Qd5 Qh5 32. Qe4 Rf4 33. Qc2 Qg5 34. a4 h5 35. a5 Qd8 36. a6 Qa8 37. Qd3 h4 38. b4 Rf6 39. b5 Rb6 40. Re4 Qd5 41. Qe2 Rxb5 42. Rxh4 Ra5 43. Qd2 Kf7 44. Rh7+ Kf6 45. Qh6 Qe4 46. Qg7+ Kf5 47. Qf7+ Kg5 48. Qe7+ Kf4 49. Rh4+ Kf5 50. Rxe4 1-0

[Event "Paris-ch Blitz"]
[Site "Paris"]
[Date "2015.??.??"]
[Round "?"]
[White "Pluyaud, Benoit"]
[Black "Skripchenko, Almira"]
[Result "0-1"]
[WhiteElo "2041"]
[BlackElo "2420"]
[PlyCount "58"]
[EventDate "2015.02.28"]
[EventType "swiss (blitz)"]
[EventRounds "9"]
[EventCountry "FRA"]
[SourceTitle "EXT 2016"]
[Source "ChessBase"]
[SourceDate "2015.10.08"]
[SourceVersion "1"]
[SourceVersionDate "2015.10.08"]
[SourceQuality "1"]

1. Nf3 g6 2. c4 Bg7 3. Nc3 d6 4. Qc2 Nc6 5. b3 Bf5 6. e4 Bg4 7. Ng1 Nf6 8. h3 Bc8 9. Nf3 e5 10. Bb2 0-0 11. Ne2 a5 12. a3 Rb8 13. g4 h5 14. g5 Nd7 15. Rg1 Nc5 16. 0-0-0 b5 17. d4 exd4 18. Nexd4 Nxd4 19. Bxd4 bxc4 20. Bxc4 Bxd4 21. Nxd4 Qe8 22. e5 Bxh3 23. Qxg6+ Kh8 24. Qxh5+ Kg7 25. Qh6+ Kg8 26. Qxh3 Qxe5 27. Rh1 Qg7 28. Kc2 Rfe8 29. Nf5 Red8 0-1

[Event "Le Touquet op 26th"]
[Site "Le Touquet"]
[Date "2011.10.23"]
[Round "2"]
[White "Pluyaud, Benoit"]
[Black "Delerme, Raymond"]
[Result "1-0"]
[WhiteElo "2031"]
[BlackElo "1905"]
[PlyCount "167"]
[EventDate "2011.10.22"]
[EventType "swiss"]
[EventRounds "9"]
[EventCountry "FRA"]
[SourceTitle "EXT 2012"]
[Source "ChessBase"]
[SourceDate "2011.11.24"]
[SourceVersion "1"]
[SourceVersionDate "2011.11.24"]
[SourceQuality "1"]

1. d4 Nf6 2. Bg5 Ne4 3. Bh4 g5 4. f3 gxh4 5. fxe4 c5 6. e3 Bg7 7. Nf3 Qb6 8. b3 Nc6 9. c3 d6 10. Bc4 Bf6 11. 0-0 Rg8 12. e5 dxe5 13. Nxe5 Nd8 14. Qd3 Bxe5 15. Qxh7 Bxh2+ 16. Kxh2 Qg6 17. Qxg6 Rxg6 18. Na3 a6 19. dxc5 Be6 20. Rad1 Nc6 21. Rf4 Ne5 22. Rxh4 Ng4+ 23. Kg1 Rg8 24. Bxe6 fxe6 25. Nc4 Rc8 26. Rd4 Nf6 27. b4 Nd5 28. Rd3 Kf7 29. e4 Nf6 30. Rf3 Ke8 31. Rxf6 exf6 32. Nd6+ Kd7 33. Nxc8 Kxc8 34. Rf4 Rg6 35. Rf3 Kc7 36. Rd3 Rg4 37. Re3 Kc6 38. a4 Rf4 39. g3 Rg4 40. Kf2 Rg5 41. Rd3 Re5 42. Kf3 f5 43. exf5 Rxf5+ 44. Kg4 Re5 45. Kh4 Re1 46. g4 e5 47. Kg3 Rg1+ 48. Kf3 e4+ 49. Kxe4 Rxg4+ 50. Ke3 Rg3+ 51. Kd2 Rg2+ 52. Kc1 Ra2 53. Rd6+ Kc7 54. a5 Rh2 55. Rd2 Rh7 56. Kb2 Rh4 57. Rd1 Rf4 58. Kb3 Re4 59. Rd6 Rf4 60. Rb6 Re4 61. c4 Re3+ 62. Kc2 Rh3 63. Rd6 Rh1 64. Rd1 Rh2+ 65. Kb3 Rh3+ 66. Kc2 Rh2+ 67. Rd2 Rh3 68. Re2 Rg3 69. Kb2 Rh3 70. Re7+ Kc6 71. Re6+ Kc7 72. b5 axb5 73. cxb5 Rh5 74. b6+ Kd7 75. Rd6+ Kc8 76. Rd3 Rh4 77. Kb3 Re4 78. Rc3 Kd7 79. a6 bxa6 80. c6+ Kc8 81. Rg3 Re8 82. Kb4 a5+ 83. Kxa5 Kb8 84. Ka6 1-0

[Event "Le Touquet op 26th"]
[Site "Le Touquet"]
[Date "2011.10.22"]
[Round "1"]
[White "Burg, Twan"]
[Black "Pluyaud, Benoit"]
[Result "1-0"]
[WhiteElo "2462"]
[BlackElo "2031"]
[PlyCount "63"]
[EventDate "2011.10.22"]
[EventType "swiss"]
[EventRounds "9"]
[EventCountry "FRA"]
[SourceTitle "EXT 2012"]
[Source "ChessBase"]
[SourceDate "2011.11.24"]
[SourceVersion "1"]
[SourceVersionDate "2011.11.24"]
[SourceQuality "1"]

1. e4 c5 2. Nf3 Nc6 3. d4 cxd4 4. Nxd4 e5 5. Nb5 a6 6. Nd6+ Bxd6 7. Qxd6 Qf6 8. Qd2 Qg6 9. f3 d5 10. exd5 Nd4 11. Na3 Nf6 12. c3 Nf5 13. Bd3 0-0 14. 0-0 h6 15. Nc4 Nxd5 16. Nxe5 Qb6+ 17. Qf2 Qc7 18. f4 Be6 19. Bd2 Rad8 20. Rae1 Nf6 21. Bb1 Nd6 22. Be3 Nd5 23. f5 Nxe3 24. Rxe3 Nc4 25. fxe6 Nxe3 26. exf7+ Rxf7 27. Nxf7 Ng4 28. Bh7+ Kxh7 29. Qf5+ g6 30. Qxg4 Qb6+ 31. Kh1 Re8 32. Ng5+ 1-0

[Event "FRA-ch U18"]
[Site "Montlucon"]
[Date "2011.04.19"]
[Round "4"]
[White "Pluyaud, Benoit"]
[Black "Lagarde, Maxime"]
[Result "0-1"]
[WhiteElo "2007"]
[BlackElo "2441"]
[PlyCount "48"]
[EventDate "2011.04.17"]
[EventType "swiss"]
[EventRounds "9"]
[EventCountry "FRA"]
[SourceTitle "CBM 142 Extra"]
[Source "ChessBase"]
[SourceDate "2011.06.27"]
[SourceVersion "1"]
[SourceVersionDate "2011.06.27"]
[SourceQuality "1"]

1. d4 Nf6 2. c4 g6 3. Nc3 Bg7 4. e4 0-0 5. Be2 d6 6. Nf3 Na6 7. 0-0 e5 8. Be3 c6 9. Rb1 exd4 10. Nxd4 Re8 11. f3 d5 12. cxd5 Nxd5 13. Bf2 Nf4 14. Bxa6 Qg5 15. g3 Nh3+ 16. Kg2 Rd8 17. f4 Nxf4+ 18. Kh1 Nh3 19. Qb3 bxa6 20. Rbe1 Nxf2+ 21. Rxf2 Bxd4 22. Rxf7 Kh8 23. Rd1 Qe5 24. Rf4 Be6 0-1

[Event "Paris-ch op-A"]
[Site "Paris"]
[Date "2010.07.05"]
[Round "3"]
[White "Pluyaud, Benoit"]
[Black "Samoun, Florent"]
[Result "1-0"]
[WhiteElo "1930"]
[BlackElo "2160"]
[PlyCount "53"]
[EventDate "2010.07.03"]
[EventType "swiss"]
[EventRounds "9"]
[EventCountry "FRA"]
[SourceTitle "CBM 137 Extra"]
[Source "ChessBase"]
[SourceDate "2010.09.01"]
[SourceVersion "1"]
[SourceVersionDate "2010.09.01"]
[SourceQuality "1"]

1. Nf3 d5 2. d4 Nf6 3. c4 e6 4. Nc3 c6 5. e3 Be7 6. Bd3 b6 7. 0-0 Bb7 8. b3 Nbd7 9. Bb2 0-0 10. Ne5 c5 11. Qe2 Ne4 12. Bxe4 dxe4 13. Nxd7 Qxd7 14. Rfd1 cxd4 15. Rxd4 Qc6 16. Rad1 Rae8 17. Rd7 a6 18. Nb1 f5 19. Be5 Bf6 20. Bxf6 Rxf6 21. Qh5 Rg6 22. Rd8 Rxd8 23. Rxd8+ Kf7 24. Qxh7 e5 25. Qg8+ Kf6 26. h4 Rh6 27. Qf8+ 1-0

[Event "Paris-ch op-A"]
[Site "Paris"]
[Date "2010.07.04"]
[Round "2"]
[White "Elkaim, Olivier"]
[Black "Pluyaud, Benoit"]
[Result "0-1"]
[WhiteElo "2100"]
[BlackElo "1930"]
[PlyCount "138"]
[EventDate "2010.07.03"]
[EventType "swiss"]
[EventRounds "9"]
[EventCountry "FRA"]
[SourceTitle "CBM 137 Extra"]
[Source "ChessBase"]
[SourceDate "2010.09.01"]
[SourceVersion "1"]
[SourceVersionDate "2010.09.01"]
[SourceQuality "1"]

1. e4 c5 2. Nf3 Nc6 3. d4 cxd4 4. Nxd4 e5 5. Nb5 a6 6. Nd6+ Bxd6 7. Qxd6 Qf6 8. Qc7 Nge7 9. Nc3 b5 10. Be3 0-0 11. 0-0-0 Nd4 12. Nd5 Nxd5 13. exd5 Nf5 14. d6 Nxe3 15. fxe3 Qd8 16. Qc5 Re8 17. e4 Bb7 18. Qe3 Rc8 19. Be2 Qa5 20. Kb1 Qb4 21. Bd3 a5 22. Rhf1 Re6 23. a3 Qc5 24. Qxc5 Rxc5 25. b4 axb4 26. axb4 Rc6 27. Bxb5 Rb6 28. Bxd7 Rexd6 29. Rxd6 Rxd6 30. Be8 f6 31. Ba4 Bxe4 32. Rf2 Rd4 33. Bb3+ Kf8 34. b5 Rb4 35. Kb2 Rxb5 36. Rd2 Ke7 37. g3 Rb6 38. Kc3 Rc6+ 39. Kb4 Rb6+ 40. Kc5 Rb8 41. Ba4 Bf5 42. Bc6 Rc8 43. Kb6 Be6 44. Kb5 f5 45. Re2 e4 46. g4 g6 47. gxf5 gxf5 48. Kb6 Rb8+ 49. Kc5 Rb2 50. Kd4 Kd6 51. Bxe4 Rb4+ 52. Kc3 Rc4+ 53. Kd3 fxe4+ 54. Rxe4 Bf5 55. Kxc4 Bxe4 56. c3 Ke5 57. Kc5 Kf4 58. Kd6 Kg4 59. Ke5 Bb7 60. Kf6 Kf4 61. Kg7 Be4 62. Kf6 h5 63. c4 h4 64. c5 h3 65. Ke6 Kf3 66. Ke5 Ba8 67. Kd4 Kg2 68. Ke3 Kxh2 69. Kf2 Bg2 0-1

[Event "Paris-ch op-B"]
[Site "Paris"]
[Date "2009.07.10"]
[Round "7"]
[White "Lefort, Sophie"]
[Black "Pluyaud, Benoit"]
[Result "0-1"]
[WhiteElo "1448"]
[BlackElo "1827"]
[PlyCount "60"]
[EventDate "2009.07.04"]
[EventType "swiss"]
[EventRounds "9"]
[EventCountry "FRA"]
[SourceTitle "EXT 2010"]
[Source "ChessBase"]
[SourceDate "2010.11.25"]
[SourceVersion "1"]
[SourceVersionDate "2010.11.25"]
[SourceQuality "1"]

1. e4 c5 2. Nf3 a6 3. d4 cxd4 4. Nxd4 Nf6 5. Nc3 e5 6. Nf3 Bb4 7. Bd3 d5 8. Qe2 0-0 9. Bd2 Nc6 10. Nxd5 Bxd2+ 11. Nxd2 Nxd5 12. exd5 Nd4 13. Qd1 Qg5 14. g3 Bg4 15. Qc1 e4 16. Nxe4 Nf3+ 17. Kf1 Bh3+ 18. Ke2 Nd4+ 19. Ke1 Qxd5 20. Qf4 Rfe8 21. Kd2 Bg2 22. c4 Qa5+ 23. Nc3 Nf3+ 24. Kc2 Rad8 25. Rhd1 Nd4+ 26. Kb1 Bf3 27. Bxh7+ Kxh7 28. Rxd4 Rxd4 29. Qxd4 Qf5+ 30. Kc1 Re1+ 0-1